University Home | Library Home | Institutional Repository

Vitamin C : (Record no. 56555)

MARC details
000 -LEADER
fixed length control field 00458cam2a220018100 4500
001 - CONTROL NUMBER
control field tmp15951635
003 - CONTROL NUMBER IDENTIFIER
control field UPRA
005 - DATE AND TIME OF LATEST TRANSACTION
control field 20190814133605.0
008 - FIXED-LENGTH DATA ELEMENTS--GENERAL INFORMATION
fixed length control field 951115s1991 xx eng u
035 ## - SYSTEM CONTROL NUMBER
System control number (Sirsi) r27117
035 ## - SYSTEM CONTROL NUMBER
System control number (UPRA)tmp15951635
040 ## - CATALOGING SOURCE
Transcribing agency UPRA
100 1# - MAIN ENTRY--PERSONAL NAME
Personal name Nobile, S.
Linkage A91096.1
245 10 - TITLE STATEMENT
Title Vitamin C :
Remainder of title the mysterious redox system.
260 ## - PUBLICATION, DISTRIBUTION, ETC.
Date of publication, distribution, etc. 1991.
949 ## - LOCAL PROCESSING INFORMATION (OCLC)
a QP772
w LC
i -28270
m MEDICAL
t BOOK
l ON-SHELF

No items available.

© 2026 - The University of Zambia Library - Koha v25.11